Statistics for Flags of Countries in the EU

Click here to take the quiz!

General Stats

  • This quiz has been taken 37 times
  • The average score is 25 of 27

Answer Stats

Answer% Correct
Belgium
100%
Denmark
97%
Estonia
97%
Finland
97%
France
97%
Germany
97%
Greece
97%
Ireland
97%
Italy
97%
Croatia
94%
Cyprus
94%
Luxembourg
94%
Netherlands
94%
Poland
94%
Portugal
94%
Austria
91%
Czech Republic
91%
Hungary
91%
Malta
91%
Romania
91%
Slovakia
91%
Spain
91%
Sweden
91%
Lithuania
88%
Bulgaria
84%
Slovenia
84%
Latvia
81%

Score Distribution

Percentile by Number Answered

Percent of People with Each Score

Your Score History

You have not taken this quiz